000 00705nam a2200253Ia 4500
003 OSt
005 20220918223448.0
006 a|||||r|||| 00| 0
007 ta
008 220917b |||||||| |||| 00| 0 eng d
024 _a222,843
037 _cTextual
040 _aARTS
_cARTS
_beng
041 _2eng
_aeng
082 _aR3x, P1
100 _aMartinich A.P. Ed.
_935155
245 0 _aAnalytic philosophy
_b An anthology
260 _aU.S.A.
_bBlackwell pub.
_c2001
300 _aix, 517p
_ccm.
490 _aBlackwell philosophy anthologies
700 _a Sosa David Ed.
_9141140
942 _hR3x, P1
_cTEXL
_2CC
999 _c278572
_d278572